000 00738nam a2200289Ia 4500
005 20260324115129.0
008 008 260324s9999 xx 000 0 eng d
020 _a9780429196645
037 _aEBOOK
040 _aCRL
040 _beng
040 _cCRL
041 _2eng
041 _aeng
084 _qCRL
100 _aJudith Hurwitz; Henry Morris; Daniel Kirsch; Candace Sidner
_91153478
245 0 _aAugmented Intelligence
245 4 _bThe Business Power of Human–Machine Collaboration
260 _bTaylor and Francis
260 _c2019
365 _a
365 _b135
856 _uhttp://www.taylorfrancis.com/books/9780429196645
942 _cEBOOK
999 _c1744127
_d1744127